Essentials of Polymorphonuclear neutrophils and their roles in male infertility : (رقم التسجيلة. 32142)
[ عرض عادي ]
| 000 -الفاتح | |
|---|---|
| حقل البيانات ثابتة الطول | 01956cam a22003614a 4500 |
| 001 - رقم الضبط | |
| رقم الضبط | 16299768 |
| 003 - محدد رقم الضبط | |
| رقم الضبط | OSt |
| 005 - وقت وتاريخ اخر تعامل مع التسجيلة | |
| رقم الضبط | 20150408114152.0 |
| 008 - عناصر البيانات ثابتة الطول - معلومات عامة | |
| حقل البيانات ثابتة الطول | 100623s2010 nyua b 001 0 eng |
| 010 ## - رقم ضبط مكتبة الكونجرس | |
| رقم ضبط مكتبة الكونجرس | 2010025367 |
| 020 ## - الرقم الدولى المعيارى للكتب | |
| الرقم الدولى المعيارى للكتاب | 9781617282973 (softcover) |
| 035 ## - رقم ضبط النظام | |
| رقم ضبط النظام | (DNLM)101534006 |
| 040 ## - مصدر الفهرسة | |
| وكالة الفهرسة الأصلية | DNLM/DLC |
| وكالة النسخ | DLC |
| وكالة التعديل | DLC |
| 042 ## - رمز التحقق | |
| رمز التحقق | pcc |
| 050 00 - رقم طلب مكتبة الكونجرس | |
| رقم التصنيف | RC889 |
| رقم المادة | .D565 2010 |
| 060 10 - رقم الطلب بالمكتبة الطبية الوطنية | |
| رقم التصنيف | WH 200 |
| 082 00 - رقم تصنيف ديوى العشرى | |
| رقم التصنيف | 616.6/92 |
| رقم الطبعة | 22 |
| رقم المادة | DFE |
| 100 1# - المدخل الرئيسى - إسم شخصى | |
| الإسم الشخصى | Dimitriadis, Fotios. |
| 9 (RLIN) | 39970 |
| 245 10 - بيان العنوان | |
| العنوان | Essentials of Polymorphonuclear neutrophils and their roles in male infertility : |
| بقية العنوان | friends or foes / |
| بيان المسئوليه,etc | Fotios Dimitriadis and Motoaki Saito. |
| 260 ## - PUBLICATION, DISTRIBUTION, ETC. (IMPRINT) | |
| مكان الناشر او الموزع | New York : |
| اسم الناشر او الموزع | Nova Science Publishers Inc., |
| تاريخ النشر أو التوزيع | 2010. |
| 300 ## - الوصف المادى | |
| التعداد | xv, 124 p. : |
| تفاصيل ماديه اخرى للوعاء | ill. ; |
| أبعاد الوعاء | 23 cm. |
| 504 ## - تبصرة ببليوجرافية | |
| تبصرة ببليوجرافية,الخ | Includes bibliographical references (p. [67]-111) and index. |
| 505 0# - تبصرة محتويات-الفهرس | |
| تبصرة المحتويات المصاغة | General considerations -- Neutrophil lifespan : physiological regulation and pathological perturbation -- Neutrophils-endothelium interaction -- Neutrophils and their role in disease -- Cellular interaction between neutrophils and dendritic cells -- Cellular interaction between neutrophils and monocytes -- Neutrophil cell death and resolution of the inflammation -- Neutrophils and male fertility : allies or foes? -- The impact of neutrophils and ROS on male fertility : in the borderline between orison and malediction -- The role of neutrophils in the infection of the male genitourinary tract -- The role of neutrophils in the testicular tissue damage -- Antioxidant treatment and male fertility : connective links. |
| 650 #0 - المدخل الاضافى بالموضوع-مصطلح موضوعى | |
| مصطلح موضوعي أو اسم جغرافي كعنصر مدخل | Infertility, Male |
| التقسيم الفرعي العام | Immunological aspects. |
| 9 (RLIN) | 39971 |
| 650 #0 - المدخل الاضافى بالموضوع-مصطلح موضوعى | |
| مصطلح موضوعي أو اسم جغرافي كعنصر مدخل | Neutrophils. |
| 9 (RLIN) | 39972 |
| 650 12 - المدخل الاضافى بالموضوع-مصطلح موضوعى | |
| مصطلح موضوعي أو اسم جغرافي كعنصر مدخل | Neutrophils. |
| 9 (RLIN) | 39973 |
| 650 22 - المدخل الاضافى بالموضوع-مصطلح موضوعى | |
| مصطلح موضوعي أو اسم جغرافي كعنصر مدخل | Fertility. |
| 9 (RLIN) | 39974 |
| 650 22 - المدخل الاضافى بالموضوع-مصطلح موضوعى | |
| مصطلح موضوعي أو اسم جغرافي كعنصر مدخل | Men's Health. |
| 9 (RLIN) | 39975 |
| 700 1# - المدخل الاضافى - اسم شخصى | |
| الإسم الشخصى | Saito, Motoaki. |
| 9 (RLIN) | 39976 |
| 906 ## - عنصر بيانات محلى F, LDF (RLIN) | |
| a | 7 |
| b | cbc |
| c | orignew |
| d | 1 |
| e | ecip |
| f | 20 |
| g | y-gencatlg |
| 942 ## - عناصر المدخل الإضافي( كوها) | |
| مصدر التصنيف او مخطط الترفيف | Dewey Decimal Classification |
| Koha [default] item type | DVD |
| حالة الفقد | نموذج السعر الفعال | حالة تلف | ليس للاعارة | رقم الطلب | تاريخ الاكتساب | الموقع الحالي | الفرع الرئيسي | Date last seen | نوع المادة فى نظام كوها | مصدر التصنيف او خطة الترفيف | Total Checkouts |
|---|---|---|---|---|---|---|---|---|---|---|---|
| 2013-11-16 | 616.6/92 DFE | 2013-11-16 | المكتبة المركزية بالمجمعة (CL) | المكتبة المركزية بالمجمعة (CL) | 2013-11-16 | كتاب | Dewey Decimal Classification |
